[Event "13th Agzamov Memorial 2019"]
[Site "Tashkent"]
[Date "2019.03.15"]
[Round "6.11"]
[White "Mirzoev, Azer"]
[Black "Kurbonboeva, Sarvinoz"]
[Result "1/2-1/2"]
[WhiteElo "2477"]
[BlackElo "2273"]
[Annotator "TA"]
[PlyCount "153"]
[EventDate "2019.03.12"]
[EventType "swiss"]
[EventCountry "UZB"]
[SourceTitle "playchess.com"]
[Source "ChessBase"]
[SourceQuality "1"]

{[%evp 15,153,-3,-9,-9,53,29,41,35,25,25,48,20,17,23,27,21,27,28,21,23,29,17,22,23,35,35,26,31,75,76,108,108,108,108,111,87,87,87,89,101,112,108,102,64,71,69,59,41,34,37,31,16,23,5,12,7,12,0,0,0,0,0,17,14,46,49,43,8,13,0,0,0,0,0,0,0,0,0,0,0,8,0,0,0,0,0,0,0,0,0,4,4,4,4,4,0,0,0,0,0,0,0,12,12,15,13,19,12,16,16,32,32,32,32,32,23,25,25,26,25,32,32,32,32,32,0,32,0,0,0,0,0,0,0,0,0,0,0,0,0]} 1. d4 Nf6 2. Nf3 g6 3. g3 Bg7 4. Bg2 O-O 5. O-O d5 6. c4 c6 7. Qb3 Qb6 8. Nc3 Rd8 9. Rd1 {D78: Fianchetto Grünfeld: 6 0-0 c6} (9. Bd2 dxc4 10. Qxc4 Be6 11. Qa4 Bf5 12. Rfe1 Ne4 13. Nxe4 Bxe4 14. Ba5 Qa6 15. Qa3 Re8 16. Bf1 c5 17. dxc5 Bxb2 {½-½ (17) Ding,L (2813)-Nepomniachtchi,I (2763) Wijk aan Zee 2019}) 9... Ne4 $146 (9... Bf5 $11) ({Predecessor:} 9... Bf5 10. cxd5 Nxd5 11. Bg5 Qxb3 12. axb3 Na6 13. Nxd5 cxd5 14. Rdc1 Kf8 15. Bd2 Rdc8 16. Bc3 Nb8 {1-0 (77) Sargissian,G (2689)-Potkin,V (2597) St Petersburg 2018}) 10. Bf4 Bf5 11. cxd5 {White is slightly better.} Qxb3 12. axb3 {Threatens to win with Na4.} cxd5 13. Nh4 Nxc3 14. bxc3 Bc2 15. Rdc1 Bxb3 16. Rcb1 $36 {[%mdl 2048] White is more active.} Bc4 17. Rxb7 Nc6 18. Bf1 e5 19. dxe5 Nxe5 20. Raxa7 Rxa7 21. Rxa7 Bf6 22. Ng2 Nc6 23. Rc7 Na5 24. Ne3 Bxc3 25. Bg5 f6 26. Bh6 Bd4 27. h4 f5 28. Bg5 Rb8 29. Rd7 Bxe3 $1 30. Bxe3 Rb1 {[#] White must now prevent ...Bxe2.} 31. Kg2 Rb7 32. Rd8+ Kf7 33. f3 Nc6 34. Rc8 Na7 35. Rh8 Ke6 36. Kf2 Nc6 37. h5 gxh5 38. Rc8 Ne7 39. Re8 Kf7 40. Rh8 {[%mdl 1024] White has compensation.} Kg6 41. Bc5 Rc7 42. Bd6 Rd7 43. Bf4 d4 44. Rb8 d3 45. exd3 Bxd3 46. Bh3 Kf7 47. Bg5 Kg6 48. Bh4 Kg7 49. Ke3 {[#] aiming for Bxe7.} Ng6 50. Bg5 h6 51. Bd8 Ne5 52. Rc8 Ba6 (52... Nc4+ {is interesting.} 53. Kf2 Rd6 54. Bc7 Re6 55. Bf4 Re2+) 53. Rc7 Rxc7 54. Bxc7 $11 {[%mdl 4096] Endgame KBB-KBN} Kf6 55. f4 Ng4+ 56. Kd4 Bb7 57. Bd8+ Ke6 58. Bf1 Nf2 59. Bc4+ Kd6 60. Bf7 Ne4 61. Bh4 Nd2 62. Ke3 Ne4 63. Bxh5 Ke6 64. Be2 Bd5 65. Ba6 {Hoping for Bc8+.} Nd6 66. Kd4 Bf3 67. Bd3 Be4 68. Be2 Bd5 69. Bd8 Ne4 70. Bh4 Nd6 71. Kc5 Ne4+ {The position is equal.} 72. Kb6 Kd6 73. Bh5 Be6 74. Bg6 Nd2 75. Bf6 Ne4 76. Bg7 Nxg3 77. Bxh6 {Accuracy: White = 63%, Black = 72%.} 1/2-1/2

[Event "13th Agzamov Memorial 2019"]
[Site "Tashkent"]
[Date "2019.03.15"]
[Round "6.12"]
[White "Urazayev, Arystanbek"]
[Black "Karimov, Alisher"]
[Result "1/2-1/2"]
[WhiteElo "2450"]
[BlackElo "2263"]
[Annotator "TA"]
[PlyCount "111"]
[EventDate "2019.03.12"]
[EventType "swiss"]
[EventCountry "UZB"]
[SourceTitle "playchess.com"]
[Source "ChessBase"]
[SourceQuality "1"]

{[%evp 23,111,0,14,11,12,0,0,0,0,0,13,7,5,0,0,0,0,0,0,0,0,0,0,0,0,0,8,8,9,8,8,8,7,8,22,5,17,17,17,14,25,7,104,0,0,0,0,0,0,0,0,0,0,0,0,0,0,0,0,0,0,0,0,0,0,0,0,0,0,0,0,0,0,0,0,0,0,0,0,0,0,0,0,0,0,0,0,0,0,0]} 1. e4 e5 2. Nf3 Nc6 3. Bb5 Nf6 4. O-O Nxe4 5. d4 Nd6 6. dxe5 Nxb5 7. a4 Nbd4 8. Nxd4 Nxd4 9. Qxd4 d5 10. exd6 Qxd6 11. Qe4+ Qe6 12. Qd4 Qd6 13. Qe3+ {C67: Ruy Lopez: Berlin Defence: 4 0-0 Nxe4} Be7 14. Re1 (14. Nc3 c6 15. Re1 Be6 16. Ne4 Qe5 17. Ng5 Qxe3 18. Bxe3 Bxg5 19. Bxg5 O-O 20. a5 Rfe8 {½-½ (51) Grandelius,N (2678)-Malakhov,V (2654) Germany 2019}) 14... Be6 15. Nc3 O-O 16. Nb5 Qc5 $146 ({Predecessor:} 16... Qd7 17. Qg3 c6 18. Bh6 Bf6 19. Rad1 {½-½ (17) Holzhaeuer,M (2251)-Latzke,B (2187) Wuerttemberg 2016}) 17. Qxc5 Bxc5 18. Nxc7 Rac8 19. Nxe6 fxe6 20. Re2 Rxf2 $1 21. Rxf2 {Hoping for b4.} Rf8 {[%mdl 64] Pin} 22. Be3 $1 {[%cal Re3c5]} Bxe3 $11 {[%mdl 4096] Endgame KRR-KRB} 23. Raf1 h5 24. g3 h4 25. gxh4 Rf4 {[%mdl 64] Double Attack, Pin} 26. b3 Rxh4 27. Kg2 {Black must now prevent Rf8+.} Bxf2 28. Rxf2 {KR-KR} Rh5 29. Kf1 b5 30. axb5 Rxb5 31. Ke2 Rf5 32. Ke3 Kf7 {[#]} (32... a5 $11 {keeps the balance.}) 33. c4 (33. b4 $1 $16) 33... a5 $1 {The position is equal.} 34. h4 g6 35. Rf4 Ke7 36. Ke4 g5 37. Rg4 (37. hxg5 {feels hotter.} Rxg5 38. Rf3 Kd6 39. Rd3+ Kc5 40. Rd8) 37... gxh4 38. Rxh4 Rg5 39. Rh8 Rg3 40. Rb8 Kd6 41. Rb6+ Kc5 42. Rb5+ Kc6 43. Kd4 Rh3 44. Rc5+ Kd6 45. Rxa5 Rxb3 46. Ra6+ Kd7 47. Kc5 e5 48. Rd6+ Ke7 49. Rh6 e4 50. Rh4 e3 51. Re4+ Kd7 52. Kd4 Kd6 53. c5+ Kd7 54. Rxe3 Rxe3 {[#]} 55. c6+ $1 {[%mdl 512]} Kxc6 {( -> ...Re6)} 56. Kxe3 {Accuracy: White = 57%, Black = 68%.} 1/2-1/2

[Event "13th Agzamov Memorial 2019"]
[Site "Tashkent"]
[Date "2019.03.16"]
[Round "7.1"]
[White "Fier, Alexandr"]
[Black "Fedorov, Alexei"]
[Result "0-1"]
[WhiteElo "2551"]
[BlackElo "2552"]
[Annotator "TA"]
[PlyCount "58"]
[EventDate "2019.03.12"]
[EventType "swiss"]
[EventCountry "UZB"]
[SourceTitle "playchess.com"]
[Source "ChessBase"]
[SourceQuality "1"]

{[%evp 18,58,32,38,28,20,28,-64,-56,-61,-58,-79,-75,-72,-44,-80,-52,-170,-176,-182,-197,-187,-178,-191,-149,-289,-271,-374,-390,-379,-387,-416,-400,-400,-385,-486,-493,-751,-744,-967,-952,-1546,-1513]} 1. d4 Nf6 2. Nf3 g6 3. g3 Bg7 4. Bg2 O-O 5. O-O d6 6. b3 c6 7. Bb2 Qa5 8. h3 Qh5 {A49: 1 d4 Nf6 2 Nf3 g6 3 g3: Anti-King's Indian systems} (8... Nbd7 9. Nbd2 Qc7 10. e4 c5 11. e5 Nd5 12. c4 Nb4 13. exd6 exd6 14. Ne4 Nf6 15. Nxf6+ Bxf6 16. Qd2 {1-0 (59) Mamedov,R (2628)-Rasulov,V (2515) Konya 2012}) 9. g4 Qa5 10. Nbd2 {LiveBook: 6 Games} d5 {White is slightly better.} 11. Ne5 $146 ({Predecessor:} 11. c4 h5 12. g5 Ne4 13. Nxe4 dxe4 14. Ne5 Bf5 15. f3 exf3 16. Nxf3 {1-0 (48) Pazos Gambarrotti,P (2330)-Mera Cedeno,A (2245) Quito 1998}) 11... h5 {[%cal Rh5g4]} 12. e3 ({White should try} 12. g5 $11 Ne8 13. c4) 12... hxg4 $15 13. hxg4 Nxg4 14. c4 Nxe5 15. dxe5 Be6 (15... Rd8 {keeps more tension.} 16. Qe2 Bf5 17. f4 Nd7 18. cxd5 cxd5 19. a3 Rac8) 16. cxd5 Bxd5 (16... cxd5 {is interesting.} 17. f4 Nc6 18. Qe1 Bg4 19. Bf3 Bxf3 20. Nxf3 Qxe1 21. Rfxe1 Rfc8) 17. Qc2 {[#]} (17. f4 $15) 17... Bxe5 $1 $19 {[%mdl 512]} 18. Bxe5 Bxg2 19. Kxg2 {Hoping for Nf3.} Qxe5 20. f4 Qxe3 {White must now prevent ...Qe2+.} 21. Ne4 {[#]} (21. Rae1 $17 Qd4 22. Rxe7) 21... Na6 $1 {[%cal Bb8a6,Ba6b4,Bb4d5,Bd5f4][%mdl 32]} 22. Rf3 Nb4 23. Qc4 Nd5 24. Raf1 b5 25. Qc2 {[#]} Qxf4 $1 {[%mdl 512]} 26. Re1 (26. Rxf4 Ne3+) 26... Qg4+ {Black is clearly winning.} ({Resist} 26... Qh4 27. Qf2 $19) 27. Ng3 (27. Rg3 $142 Nf4+ 28. Kh1 Qh5+ 29. Qh2) 27... Nf4+ 28. Kf2 Rad8 29. Rxe7 Qh4 {Precision: White = 28%, Black = 79%.} 0-1

[Event "13th Agzamov Memorial 2019"]
[Site "Tashkent"]
[Date "2019.03.16"]
[Round "7.2"]
[White "Grigoryan, Karen H."]
[Black "Khusenkhojaev, Muhammad"]
[Result "1/2-1/2"]
[WhiteElo "2571"]
[BlackElo "2441"]
[Annotator "TA"]
[PlyCount "98"]
[EventDate "2019.03.12"]
[EventType "swiss"]
[EventCountry "UZB"]
[SourceTitle "playchess.com"]
[Source "ChessBase"]
[SourceQuality "1"]

{[%evp 17,98,-3,4,8,3,0,0,5,2,17,21,13,17,16,22,8,26,23,22,0,0,0,0,0,0,0,-8,-12,7,7,10,14,5,20,52,44,39,41,37,39,38,40,41,37,63,65,57,49,65,65,65,65,65,65,44,0,14,0,37,0,38,14,0,0,0,0,12,2,19,1,2,0,0,0,0,0,8,0,0,0,0,0,1]} 1. e4 e5 2. Nf3 Nf6 3. Nc3 Nc6 4. d4 exd4 5. Nxd4 Bb4 6. Nxc6 bxc6 7. Bd3 d5 8. exd5 O-O 9. O-O cxd5 10. h3 {C47: Scotch Four Knights and Four Knights with 4 g3} (10. Qf3 c6 11. Bg5 Bd6 12. Rae1 Rb8 13. Nd1 h6 14. Bxf6 Qxf6 15. Qxf6 gxf6 16. b3 Kg7 17. Ne3 Re8 18. Nf5+ Bxf5 19. Bxf5 Re5 20. Bd3 Bb4 21. Re3 Rxe3 22. fxe3 {½-½ (35) Duda,J (2738)-Ding,L (2813) Wijk aan Zee 2019}) 10... c6 11. Qf3 Rb8 12. Bf4 Bd6 13. b3 Bxf4 14. Qxf4 Be6 15. Na4 Qa5 16. c4 Rb4 $146 ({Predecessor:} 16... Qb4 17. Rac1 Rfd8 18. Qe3 Qa3 19. Nc5 Re8 20. cxd5 Bxd5 {½-½ (57) Kristjansson,A (2469)-Pugh,J (2473) ICCF email 2016}) 17. Rfc1 c5 18. Rc2 Rd8 {[#] Strongly threatening ...dxc4.} 19. Qc1 {With the idea cxd5.} d4 20. Qd2 Qc7 21. Qg5 Rc8 22. Re1 h6 (22... Bd7 {keeps more tension.} 23. Nb2 h6 24. Qc1 Re8 25. Rxe8+ Nxe8 26. Re2 Rb6) 23. Qe5 Qxe5 24. Rxe5 Nd7 25. Re1 Nb6 26. Nb2 $1 a5 27. Rce2 a4 28. Bc2 axb3 29. axb3 {Nd3 is the strong threat.} Nd7 30. f4 {Hoping for f5.} Nf6 31. f5 Bd7 32. Re5 Rb7 33. Nd3 Rbc7 34. g4 Kf8 35. Kf2 Be8 36. Kg3 Nd7 $1 {[%cal Rd7e5]} 37. R5e2 f6 38. h4 Bf7 39. g5 fxg5 {The position is equal.} 40. hxg5 hxg5 41. Kg4 Re8 42. Rxe8+ Bxe8 43. Kxg5 Ra7 $1 44. Nf4 {Threatens to win with Ne6+.} Bf7 $1 45. Ng6+ Bxg6 $1 46. fxg6 Ra2 47. Re2 d3 48. Bxd3 {[%mdl 64] [#] Discovered Attack} Rxe2 49. Bxe2 Ke7 {Accuracy: White = 70%, Black = 58%.} 1/2-1/2

[Event "13th Agzamov Memorial 2019"]
[Site "Tashkent"]
[Date "2019.03.16"]
[Round "7.3"]
[White "Ivanov, Sergey"]
[Black "Saydaliev, Saidakbar"]
[Result "0-1"]
[WhiteElo "2509"]
[BlackElo "2390"]
[Annotator "TA"]
[PlyCount "102"]
[EventDate "2019.03.12"]
[EventType "swiss"]
[EventCountry "UZB"]
[SourceTitle "playchess.com"]
[Source "ChessBase"]
[SourceQuality "1"]

{[%evp 23,102,33,43,46,65,50,82,59,86,72,141,156,190,196,205,202,177,185,236,181,180,157,217,233,236,254,257,220,268,262,262,251,368,264,285,268,280,258,329,201,223,200,198,189,183,190,175,175,220,208,210,202,249,239,255,203,208,142,911,9,57,-69,-83,-98,-70,-530,-494,-1105,-1087,-1062,-1024,-1494,-1510,-1522,-1342,-2222,-1974,-29985,-29986,-29986,-29987]} 1. d4 Nf6 2. c4 c5 3. d5 e6 4. Nc3 exd5 5. cxd5 g6 6. Nf3 d6 7. Nd2 Bg7 8. e4 O-O 9. Be2 Re8 10. O-O Nbd7 11. a4 a6 12. Ra3 Rb8 13. a5 {[#] A77: Modern Benoni: Classical: 9...Re8 10 Nd2: 10...a6 and 10...Nbd7} h6 $146 ({Predecessor:} 13... Ne5 14. Qc2 g5 15. Re1 h6 16. Nf1 Ng6 17. Ne3 Bd7 18. Bd2 Qe7 19. Nc4 Nh7 20. Bf1 g4 21. Nb6 Rbd8 22. Nxd7 Rxd7 {1-0 (105) Drenchev,P (2511)-Atalik,S (2550) Paracin 2014}) 14. Qc2 Nh7 15. Nc4 {White is better.} Ne5 16. Nb6 g5 (16... Qe7 $142) 17. Nd1 $16 {[%cal Bc3d1,Bd1e3,Be3f5][%mdl 32]} Bd7 18. Ne3 Ng6 19. Nxd7 Qxd7 20. Nf5 Nf6 (20... Re5 {is a better defense.} 21. Nxg7 Kxg7) 21. f3 Bf8 22. Rf2 Ne7 (22... Re5 $16) 23. Ng3 $18 Bg7 24. Bd2 Nh7 25. Bc3 Bxc3 26. Qxc3 ({Don't take} 26. Rxc3 $6 f6 $16) 26... f6 27. f4 Ng6 (27... Rf8 {was worth a try.} 28. fxg5 hxg5) 28. Nf5 Nxf4 29. Nxh6+ Kh8 30. Bg4 Qe7 {intending ...Qf8.} 31. g3 Ng6 32. Be6 Ne5 33. Nf5 Qc7 34. h4 g4 35. Qc1 b5 {If only Black now had time for ...b4....} 36. Qh6 b4 37. Ra1 b3 38. Raf1 Rb4 39. Rf4 c4 40. Kg2 {Black must now prevent Nxd6!} Ra4 $2 {[%mdl 8192] [#]} (40... c3 $16) 41. h5 $2 (41. Nxd6 $1 $18 {[%mdl 512]} Qxd6 42. Rxf6) 41... c3 42. bxc3 (42. Nxd6 $1 $14 Qxd6 43. Rxf6 Rxe4 {[#]} 44. Bg8 $1 {[%mdl 576] Discovered Attack} Re2+ 45. Kh1) 42... Rxa5 $15 43. Nh4 Qg7 44. Rxf6 $2 {[%mdl 8192]} (44. Qxg7+ $15 Kxg7 45. Nf5+ Kh8 46. Rb1 (46. Nxd6 Ra2+ 47. R4f2 Rb8 $11)) 44... Ra2+ $19 45. Kh1 (45. Kg1 $142 Qxh6 46. Rxh6) 45... Qxh6 46. Rxh6 b2 {Hoping for ...Ra1.} 47. Ng6+ Kg7 {[%mdl 64] Trapped Piece} 48. Nxe5 Kxh6 49. Nxg4+ Kxh5 50. Bf7+ Kxg4 51. Bxe8 Ra1 {Accuracy: White = 50%, Black = 51%.} 0-1

[Event "13th Agzamov Memorial 2019"]
[Site "Tashkent"]
[Date "2019.03.16"]
[Round "7.4"]
[White "Barsov, Alexei"]
[Black "Vokhidov, Shamsiddin"]
[Result "0-1"]
[WhiteElo "2380"]
[BlackElo "2494"]
[Annotator "TA"]
[PlyCount "128"]
[EventDate "2019.03.12"]
[EventType "swiss"]
[EventCountry "UZB"]
[SourceTitle "playchess.com"]
[Source "ChessBase"]
[SourceQuality "1"]

{[%evp 15,128,10,23,9,13,0,14,5,11,6,13,-22,-22,-25,-25,-21,-27,-20,-23,-25,-26,-64,-42,-74,-76,-75,-67,-139,-134,-135,-141,-199,-176,-350,-339,-350,-333,-315,-354,-313,-276,-288,-49,-52,-47,-39,-41,-40,0,0,0,0,0,-10,0,0,0,0,0,0,0,0,0,0,0,0,0,0,0,-54,-54,-59,-59,-62,-62,-69,-69,-68,-62,-70,-10,-10,-10,-10,-9,-70,0,0,0,0,-7,-104,0,0,0,0,0,0,0,0,0,-1414,-1361,-5587,0,-6109,-5612,-5548,-5110,-5480,-4652,-4652,-4634,-1263,-1220]} 1. d4 Nf6 2. c4 e6 3. Nf3 b6 4. g3 c6 5. Bg2 d5 6. O-O Be7 7. Nc3 O-O 8. Ne5 Ba6 9. cxd5 {E06: Closed Catalan: Early deviations} cxd5 10. Bg5 (10. Bf4 Bb7 11. Rc1 Nbd7 12. Qa4 Nxe5 13. Bxe5 Qd7 14. Qxd7 Nxd7 15. Bf4 Rfc8 16. Nb5 g5 17. Bd6 Kf8 18. Rfd1 a6 19. Bxe7+ Kxe7 20. Nc3 b5 {½-½ (20) Edouard,R (2630)-Vallejo Pons,F (2689) Germany 2016}) 10... h6 $146 ({Predecessor:} 10... Nfd7 11. Bxe7 Qxe7 12. Nxd7 Qxd7 13. Rc1 Rd8 14. Re1 Nc6 {½-½ (14) Bachmann,K (2325)-Wagenknecht,U Germany 1992}) 11. Bxf6 {The position is equal.} Bxf6 12. f4 b5 {[%cal Bb6b5,Bb5b4][%mdl 32]} 13. e4 {[%cal Re4d5]} b4 $36 {[%mdl 2048] Black is more active.} 14. Ne2 Bb7 15. exd5 Bxd5 16. Bxd5 Qxd5 17. Qb3 Qb5 18. Rf2 Nc6 19. a4 Qb7 20. Qf3 Rac8 21. Rc1 (21. Nc1 $15) 21... Bxe5 $1 $17 22. dxe5 Qa6 23. Ra1 (23. Qe4 $17) 23... Rfd8 $19 24. Nc1 $2 (24. Qe4) 24... Nd4 25. Qe4 {[#]} Nc2 $1 {[%mdl 512]} 26. Rxc2 Rd1+ 27. Kf2 Qf1+ $1 28. Ke3 Re1+ $2 (28... Rcd8 $19 29. Re2 Qg1+ 30. Kf3 h5) 29. Ne2 $15 Rxe2+ 30. Rxe2 Qxa1 31. Qxb4 {[%mdl 4096] Endgame KQR-KQR} Rd8 32. Re1 Qa2 33. Kf2 Qd5 34. Qe4 Qb3 35. Re2 a5 36. Qc2 Qb6+ 37. Kg2 Qb4 38. b3 g6 39. Rf2 Kg7 40. Re2 Qb7+ 41. Kh3 $1 Rd4 42. Qc3 (42. Re3 $1 $11) 42... Qd5 43. Rf2 Rd3 44. Qc4 $1 Qxc4 $1 45. bxc4 {KR-KR} Rc3 46. Kg4 $1 Rxc4 47. Ra2 g5 (47... Rc3 $15) 48. h4 $1 $11 gxf4 49. gxf4 f6 {...fxe5 is the strong threat.} 50. Rg2 fxe5 (50... Kf7 $15 51. exf6 Rxa4) 51. Kh5+ Kf6 52. fxe5+ $1 Kxe5 53. Rg6 {[#]} (53. Rh2 $11) 53... Rxa4 (53... Kf5 $1 $17 {And now ...Rxh4+! would win.} 54. Rxh6 Rxa4) 54. Rxh6 Ra1 55. Kg6 $1 Kd5 {Hoping for ...a4.} 56. Rh8 a4 {[%cal Ba5a4,Ba4a3][%mdl 32] Threatens to win with ...a3.} 57. Rd8+ Ke4 {Strongly threatening ...a3.} 58. Kf7 $2 {[%mdl 8192]} (58. Kf6 $11) 58... e5 $19 59. h5 a3 60. Ke6 $2 {[%mdl 8192]} (60. Rd2 $11) 60... Rb1 {Black is clearly winning.} 61. Ra8 Rb6+ 62. Kf7 {[#]} Rh6 $1 {[%cal Rh6h5]} 63. Rxa3 Rxh5 64. Kg6 Rh1 {Accuracy: White = 52%, Black = 72%.} 0-1

[Event "13th Agzamov Memorial 2019"]
[Site "Tashkent"]
[Date "2019.03.16"]
[Round "7.5"]
[White "Kazakovskiy, Valeriy"]
[Black "Tillyaev, Ulugbek"]
[Result "1/2-1/2"]
[WhiteElo "2456"]
[BlackElo "2304"]
[Annotator "TA"]
[PlyCount "106"]
[EventDate "2019.03.12"]
[EventType "swiss"]
[EventCountry "UZB"]
[SourceTitle "playchess.com"]
[Source "ChessBase"]
[SourceQuality "1"]

{[%evp 18,106,31,23,39,24,24,24,27,24,71,62,49,21,49,20,35,27,66,48,50,45,84,56,97,89,96,95,96,99,100,96,96,106,108,99,154,152,200,77,75,71,75,47,58,55,87,94,111,94,103,86,86,86,86,86,86,86,127,127,126,86,86,86,86,86,86,86,154,154,154,154,222,52,52,52,52,52,52,52,52,52,52,0,0,0,0,0,0,0,8]} 1. d4 Nf6 2. Nf3 d5 3. c4 e6 4. g3 dxc4 5. Bg2 c5 6. O-O Nc6 7. Qa4 Bd7 8. Qxc4 b5 9. Qc3 {E04: Open Catalan: 5 Nf3} Rc8 (9... b4 10. Qd3 Rc8 11. Bf4 cxd4 12. Nbd2 Nd5 13. Be5 Nxe5 14. Nxe5 Be7 15. Bxd5 exd5 16. Ndf3 O-O 17. Nxd4 {½-½ (30) Wojtaszek,R (2727)-Harikrishna,P (2743) Batumi 2018}) 10. dxc5 {LiveBook: 4 Games} Nd5 11. Qc2 {White is slightly better.} Ncb4 12. Qd1 {And now a3 would win.} Bxc5 13. e4 Nf6 $146 ({Predecessor:} 13... Nb6 14. Nc3 Na4 15. Ne5 Nxc3 16. bxc3 Na6 {1-0 (36) Horvath,C (2497)-Rezan,S (2443) Sibenik 2016}) 14. a3 Nc6 15. b4 Bb6 16. Bb2 O-O 17. Nc3 a5 18. Nxb5 {aiming for Nd6.} Nxe4 19. Qe2 $36 {[%mdl 2048] White has the initiative.} f5 20. Nc3 $1 Nd4 21. Nxd4 Nxc3 22. Bxc3 Rxc3 23. Nxe6 Bxe6 24. Qxe6+ Kh8 25. Rad1 {[%cal Ba1d1,Bd1d6,Bd6e6][%mdl 32]} Qf6 26. Rd6 Qxe6 (26... Bc7 $142 27. Qxf6 Rxf6) 27. Rxe6 $16 Bd8 28. bxa5 (28. b5 $18 {is more deadly.}) 28... Bxa5 29. a4 f4 30. gxf4 (30. Rb1 {is more complex.} Ra3 31. Re4 fxg3 32. hxg3 h6 33. Rb2) 30... g6 31. Re4 Rc5 32. Rb1 Bc7 33. Rbb4 Rcf5 34. Bh3 Rxf4 35. Rxf4 Rxf4 36. Rxf4 Bxf4 {[%mdl 4096] Endgame KB-KB} 37. a5 {[%cal Ba4a5,Ba5a6][%mdl 32]} Bc7 38. a6 {Strongly threatening a7.} Bb6 39. Bf1 Kg7 40. Kg2 g5 41. Kg3 Kf6 42. f3 h5 {[#]} ({Better is} 42... Bd4) 43. h4 $1 Bc7+ {[#]} 44. Kh3 $1 Bb8 (44... Bb6 $16 45. f4 gxh4) 45. hxg5+ $2 ({White should play} 45. Bd3 $18) 45... Kxg5 $14 46. Bb5 h4 47. Bd7 Ba7 48. Bg4 Bb8 49. Kg2 Kf4 50. Kf2 (50. Be6 $14) 50... Ba7+ $11 {The position is equal.} 51. Ke2 Kg3 52. Kd3 h3 53. Bxh3 $1 Kxf3 {Precision: White = 60%, Black = 54%.} 1/2-1/2

[Event "13th Agzamov Memorial 2019"]
[Site "Tashkent"]
[Date "2019.03.16"]
[Round "7.6"]
[White "Papin, Vasily"]
[Black "Danielyan, Vahe"]
[Result "0-1"]
[WhiteElo "2496"]
[BlackElo "2246"]
[Annotator "TA"]
[PlyCount "122"]
[EventDate "2019.03.12"]
[EventType "swiss"]
[EventCountry "UZB"]
[SourceTitle "playchess.com"]
[Source "ChessBase"]
[SourceQuality "1"]

{[%evp 16,122,67,53,70,76,82,71,82,77,112,0,6,-1,0,-43,-42,-42,-42,-50,-15,-6,228,210,262,250,253,228,238,243,235,189,355,350,320,303,460,358,335,361,366,363,353,349,326,289,315,305,401,429,531,526,812,794,700,784,965,965,939,940,827,0,0,0,0,-264,-253,-204,-172,-453,-362,-591,-591,-591,-450,-580,-576,-531,-451,-556,-547,-520,-556,-535,-554,-591,-591,-591,-591,-591,-591,-591,-591,-591,-591,-591,-588,-5065,-5065,-5054,-4950,-5065,-5065,-5065,-5065,-5065,-5065,-5061,-592]} 1. c4 Nf6 2. Nc3 g6 3. g3 Bg7 4. Bg2 O-O 5. d4 d6 6. Nf3 c6 7. O-O Qa5 8. Bd2 Qh5 9. Qb3 a6 $146 {E62: King's Indian: Fianchetto: 6...c6 and Panno Variation (6...Nc6) without ...a6} ({Predecessor:} 9... d5 10. cxd5 cxd5 11. Ne5 Nc6 12. Nxc6 bxc6 13. Qa4 Bh3 14. Rfc1 Bxg2 15. Kxg2 e5 16. dxe5 Ng4 17. h3 Nxe5 {1-0 (55) Banusz,T (2641)-Nagle,S (2432) chess.com INT 2018}) 10. Rfe1 b5 11. e4 e5 {White is better.} 12. cxb5 exd4 13. Nxd4 (13. Ne2 $1 $16) 13... Ng4 $11 14. Nf3 (14. Nxc6 Nxc6 15. bxc6 Qxh2+ 16. Kf1 Bd4 $17) 14... Qc5 15. bxc6 Qxf2+ 16. Kh1 {Threatens to win with Nd1.} Nxc6 17. Be3 Nxe3 {[%csl Ge3][%cal Rf2g2]} 18. Re2 $36 {[%mdl 2048] White has good play.} Nd4 $2 (18... Na5 $11 19. Qa4 Qxe2 $1 {[%mdl 512]} 20. Nxe2 Nac4) 19. Nxd4 $18 Qf6 20. e5 $1 {[%cal Re5f6]} dxe5 21. Ne4 $1 {[%cal Re4f6]} Qd8 22. Nc6 Qc7 23. Qxe3 {Nc3 is the strong threat.} f5 $2 (23... Bb7 {is a better defense.}) 24. Nc3 e4 25. Nd5 Qd6 (25... Qb7 $142 26. Nce7+ Kh8) 26. Qb6 {And now Nce7+ would win.} Kh8 27. Nc7 {[%mdl 64] Trapped Piece} Bd7 {aiming for ...Rac8.} 28. Nxa8 Rxa8 29. Rc2 Rc8 30. Qxa6 (30. Rac1 Bh6 $16) 30... h5 31. Rb1 ({Less strong is} 31. Rac1 Bh6 $16) 31... h4 32. b4 ({Weaker is} 32. Rbc1 Bh6 $14) 32... hxg3 33. b5 f4 {If only Black now had time for ...f3....} 34. Bxe4 Re8 35. Qa4 Rxe4 36. Qxe4 Bf5 37. Qc4 Be6 38. Qc5 $2 (38. Qf1 $18) 38... Qd3 $11 {White must now prevent ...Bd5+.} 39. Rbc1 Bd5+ 40. Kg1 $2 {[%mdl 8192]} (40. Rg2 $1 $11 {and White has nothing to worry.} Bxg2+ 41. Kxg2 Qe2+ {[%mdl 64] Double Attack} 42. Kh3 Qe6+ 43. Kg2 Qe2+ 44. Kh3 Qe6+ 45. Kg2 Qe2+) 40... Qf3 $19 {[%csl Gd5][%cal Rf3h1]} 41. Qxd5 ({And not} 41. hxg3 fxg3 42. Qxd5 Qxd5 $17) 41... Qxd5 42. hxg3 $2 (42. b6 {was the only defense.}) 42... fxg3 43. b6 $2 {[#]} (43. Re1 Bf8 44. Ne7) 43... Bh6 $1 {[%cal Rh6e3] Black is clearly winning.} 44. b7 Be3+ 45. Kf1 {[#]} Qf3+ $1 46. Ke1 Bf4 47. b8=Q+ Bxb8 48. Nxb8 {intending Rc8+.} g2 {( -> ...Qe3+)} 49. Kd2 Qf2+ 50. Kc3 g1=Q 51. Rxg1 Qxg1 {[%mdl 4096] Endgame KQ-KRN} 52. Nc6 g5 53. Nd4 g4 54. Ne2 Qe3+ 55. Kb4 g3 56. a4 Qe4+ 57. Kb3 g2 58. a5 Qd3+ 59. Kb2 Qb5+ 60. Kc1 Qxa5 61. Kd1 Qa7 {Accuracy: White = 57%, Black = 67%.} (61... Qg5 $142 62. Rc3 g1=Q+ 63. Nxg1 Qxg1+ 64. Ke2 Kg7) 0-1